[Event "Mulhouse"]
[Site "Mulhouse"]
[Date "2004.07.08"]
[Round "11"]
[White "Ducloux, Gerald"]
[Black "Loos, Christian"]
[Result "1-0"]
[WhiteElo "2171"]
[BlackElo "1900"]
[PlyCount "79"]
[EventDate "2004.06.29"]
[EventType "tourn"]
[EventRounds "11"]
[EventCountry "FRA"]
[SourceTitle "CBM 101 Extra"]
[Source "ChessBase"]
[SourceDate "2004.09.01"]
[SourceVersion "2"]
[SourceVersionDate "2004.09.01"]
[SourceQuality "1"]

1. d4 Nf6 2. c4 e6 3. Nc3 Bb4 4. Qc2 d5 5. e3 0-0 6. Nf3 Nbd7 7. Bd2 c6 8. cxd5 exd5 9. Bd3 Re8 10. 0-0-0 Bxc3 11. Bxc3 Ne4 12. Bxe4 Rxe4 13. Ne5 Rh4 14. f3 Rh6 15. Nd3 Nb6 16. g4 Nc4 17. Qf2 Qe7 18. Ne5 Nd6 19. h4 Re6 20. g5 Nb5 21. Rd3 Nxc3 22. Rxc3 c5 23. f4 cxd4 24. exd4 f6 25. gxf6 Rxf6 26. Rg1 Bf5 27. Qg3 Raf8 28. Kd2 g6 29. a3 Qd8 30. b4 Qb6 31. Ke3 a5 32. bxa5 Qxa5 33. Rgc1 Rb6 34. Qg5 Qa4 35. Qe7 Rb3 36. Qc5 Be4 37. Ng4 Ra8 38. Nf6+ Kh8 39. Nxe4 dxe4 40. Qe5+ 1-0

[Event "Mulhouse"]
[Site "Mulhouse"]
[Date "2004.07.07"]
[Round "10"]
[White "Loos, Christian"]
[Black "Nass, Emile"]
[Result "0-1"]
[WhiteElo "1900"]
[BlackElo "2010"]
[PlyCount "136"]
[EventDate "2004.06.29"]
[EventType "tourn"]
[EventRounds "11"]
[EventCountry "FRA"]
[SourceTitle "CBM 101 Extra"]
[Source "ChessBase"]
[SourceDate "2004.09.01"]
[SourceVersion "2"]
[SourceVersionDate "2004.09.01"]
[SourceQuality "1"]

1. d4 Nf6 2. c4 e5 3. e3 e4 4. Ne2 c6 5. c5 b6 6. cxb6 axb6 7. Nbc3 d5 8. Bd2 Bd6 9. Ng3 Ba6 10. Bxa6 Nxa6 11. Nf5 0-0 12. Nxd6 Qxd6 13. a3 Nd7 14. 0-0 f5 15. Qb3 Rf6 16. Ne2 c5 17. Bc3 c4 18. Qc2 b5 19. f3 Re8 20. f4 Ra8 21. Qd2 Qc6 22. Rfd1 Rff8 23. Ng3 g6 24. Ne2 Rfb8 25. Qe1 Kg7 26. Rdc1 Ra7 27. Ra2 Rab7 28. Rca1 b4 29. axb4 Nxb4 30. Bxb4 Rxb4 31. Ra6 R4b6 32. Qa5 Rxa6 33. Qxa6 Qxa6 34. Rxa6 Rxb2 35. Kf1 Nf6 36. h3 Rb3 37. Kf2 Rb2 38. Rc6 Nh5 39. Kf1 Nf6 40. Rc5 Rb3 41. Kf2 Kf7 42. Rc6 Ke7 43. Ra6 Nd7 44. Nc1 Rb6 45. Ra3 Kd6 46. Ne2 Kc6 47. Ra2 Rb3 48. Ke1 Rxe3 49. Kd2 Rb3 50. Ra6+ Nb6 51. Ra7 Rd3+ 52. Ke1 c3 53. Ra2 Nc4 54. Rc2 Ne3 55. Rc1 c2 56. Kf2 Kb5 57. Ra1 Nd1+ 58. Ke1 Nc3 59. Rc1 Nxe2 60. Kxe2 Rc3 61. Kd2 Kc4 62. g4 Kxd4 63. gxf5 gxf5 64. h4 Rd3+ 65. Ke2 Kc3 66. Ra1 Kb2 67. Ra7 c1Q 68. h5 Qc2+ 0-1

[Event "Mulhouse"]
[Site "Mulhouse"]
[Date "2004.07.01"]
[Round "3"]
[White "Loos, Christian"]
[Black "Schaub, Marc"]
[Result "0-1"]
[WhiteElo "1900"]
[BlackElo "1994"]
[PlyCount "82"]
[EventDate "2004.06.29"]
[EventType "tourn"]
[EventRounds "11"]
[EventCountry "FRA"]
[SourceTitle "CBM 101 Extra"]
[Source "ChessBase"]
[SourceDate "2004.09.01"]
[SourceVersion "2"]
[SourceVersionDate "2004.09.01"]
[SourceQuality "1"]

1. d4 d5 2. c4 Nc6 3. cxd5 Qxd5 4. e3 e5 5. Nc3 Bb4 6. a3 Bxc3+ 7. bxc3 exd4 8. cxd4 Bf5 9. Ne2 Nf6 10. Nc3 Qd7 11. d5 0-0-0 12. dxc6 Qxc6 13. Bd2 Rhe8 14. Rc1 Qd7 15. Be2 Re6 16. f3 Rd6 17. Nb5 Rxd2 18. Rxc7+ Qxc7 19. Qxd2 Rxd2 20. Nxc7 Rxe2+ 21. Kxe2 Kxc7 22. Rc1+ Kb6 23. e4 Be6 24. Rb1+ Ka6 25. Kd3 Nd7 26. Kd4 b5 27. f4 Kb6 28. f5 Bc4 29. g4 a5 30. a4 Be2 31. axb5 Nc5 32. g5 Bd3 33. Rg1 Bxe4 34. Ke5 a4 35. h4 Kxb5 36. h5 g6 37. hxg6 hxg6 38. fxg6 fxg6 39. Kd4 Kb4 40. Rg3 a3 41. Rh3 a2 0-1